Finančná matematika II
Na minha lista:
| Autor principal: | |
|---|---|
| Autor Corporativo: | |
| Outros Autores: | , , |
| Formato: | Livro |
| Idioma: | eslovaco |
| Publicado em: |
Bratislava
Vydavateľstvo EKONÓM
2025
|
| Edição: | 1. vydanie |
| Assuntos: | |
| Tags: |
Sem tags, seja o primeiro a adicionar uma tag!
|
MARC
| LEADER | 00000nam a2200000 4500 | ||
|---|---|---|---|
| 001 | 0312128 | ||
| 005 | 20260130092648.9 | ||
| 020 | |a 978-80-225-5236-3 | ||
| 041 | 0 | |a slo | |
| 044 | |a SK | ||
| 245 | 1 | 0 | |a Finančná matematika II |c Ľudovít Pinda, Lenka Smažáková ; recenzovali: Lenka Ďuricová, Andrea Kaderová |
| 250 | |a 1. vydanie | ||
| 264 | 1 | |a Bratislava |b Vydavateľstvo EKONÓM |c 2025 | |
| 300 | |a 202 s. [10,43 AH] | ||
| 610 | 2 | 0 | |a matematika finančná |
| 610 | 2 | 0 | |a trh finančný |
| 610 | 2 | 0 | |a dlhopisy |
| 610 | 2 | 0 | |a deriváty |
| 100 | 1 | |a Pinda, Ľudovít, 1958- | |
| 700 | 1 | |a Smažáková, Lenka, 1991- | |
| 700 | 1 | |a Ďuricová, Lenka | |
| 700 | 1 | |a Kaderová, Andrea | |
| 710 | 2 | |a Fakulta hospodárskej informatiky EU. Katedra matematiky a aktuárstva | |